| 000 | 00000nam##2200000za#4500 |
| 001 | 9.613948 |
| 003 | CaOODSP |
| 005 | 20200327132214 |
| 007 | ta |
| 008 | 150406|1997||||xxc||||| f|0| 0 eng|d |
| 022 | |a0825-0170 |
| 040 | |aCaOODSP|beng |
| 043 | |an-cn--- |
| 086 | 1 |aNE12-3/6-1997E |
| 110 | 1 |aCanada. |bNational Energy Board. |
| 245 | 10|aTraffic, tolls and tariffs |
| 260 | |aCalgary - Alberta : |bNational Energy Board |c1997. |
| 300 | |a4p. ; |c28 cm. |
| 490 | 1 |aInformation bulletin |x0825-0170|vVI |
| 500 | |a"This information bulletin provides an overview of the Board's role in regulating pipeline traffic, tolls and tariffs."--Page 1. |
| 520 | 3 |aThis information bulletin provides an overview of the Board's role in regulating pipeline traffic, tolls and tariffs.--Page 1 |
| 563 | |aProcessed |
| 590 | |a97-28|b1997-07-11 |
| 776 | 0#|tTraffic, tolls and tariffs |w(CaOODSP)9.573005 |
| 830 | #0|aInformation bulletin,|x0825-0170|vVI|w(CaOODSP)9.514804 |